000 01235cam a22003617a 4500
003 CHAP
005 20220329142624.0
008 020520d1997 mx r 00110 spa d
010 _a85738
011 _a86710
020 _a9686755217
035 _a97250
040 _cCHAP
082 0 0 _a301.633
_bM3
100 0 0 _aMartínez de Castro, Inés
_ecoord.
_971966
245 1 0 _aGénero y violencia
_c/coor. por Inés Martínes de Castro, Edith Araoz Robles y Fernanda Aguilar Almada
260 _aHermosillo,Son., Mex. :
_bEl Colegio de Sonora,
_c1997.
300 _a112 p.
590 _aBATCH-UPD
_b10
_c20130110
_lUCH01
_h0359
590 _aBATCH-UPD
_b10
_c20130110
_lUCH01
_h1925
590 _aBATCH-UPD
_b10
_c20130410
_lUCH01
_h0032
590 _aBATCH-UPD
_b10
_c20130914
_lUCH01
_h1308
590 _aCONVERSION
_b10
_c20130109
_lUCH01
_h1348
650 1 4 _aEnfoque de género.
_936945
650 1 4 _aMujer
_xSituación legal
_zMéxico.
_979328
650 1 4 _aViolencia.
_9119891
700 0 0 _aAguilar Almada, Fernanda
_ecoor.
_92639
700 0 0 _aAraoz Robles, Edith
_ecoor.
_96527
901 _aBK
905 _aMayto Villalobos S.
942 _cLIBRO
949 _a301.633 M3
_bBC
_cLIBRO
_d33724000851630
_eLIBRO
_h102415
_i97250
_so
_t$50.00
999 _c85738
_d85738